Revista de historia. Tabla de contenido: número 71, 2015
Furkejuvvon:
| Materiálatiipa: | Girji |
|---|---|
| Giella: | Spanish |
| Almmustuhtton: |
Costa Rica
2015
|
| Fáddágilkorat: |
Lasit fáddágilkoriid
Eai fáddágilkorat, Lasit vuosttaš fáddágilkora!
|
MARC
| LEADER | 00000nam a22000007a 4500 | ||
|---|---|---|---|
| 003 | cru IIS | ||
| 005 | 20211216144515.0 | ||
| 008 | 211216b2015 cr ||||| |||| 00| 0 spa d | ||
| 040 | |c CRAI UCR | ||
| 245 | |a Revista de historia. Tabla de contenido: número 71, 2015 | ||
| 260 | |a Costa Rica |c 2015 | ||
| 500 | |a Colección Centroamérica | ||
| 505 | |a Contemplar y poseer. El poder de la mirada en la disputa por la apropiación de objetos y monumentos de las culturas antiguas de Centroamérica Patricia Alvarenga Venutolo 13-39 // - Las lenguas de América Central y el idioma de sutiava según su documentación por Walter Lehmann Martin Künne 41-53 // - Tutelaje indígena. Ideas, discuros y prácticas en torno al indio Chiapaneco durante la Primera República Amanda Úrsula Torres Freyermuth 55-88 // - De la crisis al éxito: el ascenso al poder político y económico de la élite azucarera costarricense (1970-1990) Jorge Marchena Sanabria 91-121 // - Entrevista con Carlos Marichal Salinas. A propósito de la historia económica de América Latina Margarita Silva Hernández, Rafael Ledezma Díaz 125-139 // | ||
| 773 | 0 | |0 40579 |9 6414 |a Universidad Nacional de Costa Rica |d Heredia, Costa Rica: EUNA |o 17601 |t Revista de Historia / |x 10129790 | |
| 942 | |2 ddc |c PP | ||
| 999 | |c 44012 |d 44012 | ||
| 773 | 0 | |0 40579 |9 6415 |a Universidad Nacional de Costa Rica |d Heredia, Costa Rica: EUNA |o 17602 |t Revista de Historia / |x 10129790 | |
